Countries in the Alps - Statistics

General Stats
  • This quiz has been taken 36 times
  • The average score is 8 of 8
Answer Stats
Hint Answer % Correct
1. France
100%
3. Germany
100%
7. Italy
100%
6. Switzerland
100%
4. Austria
97%
5. Liechtenstein
97%
8. Slovenia
94%
2. Monaco
81%
No matching quizzes found
Score Distribution
Percent of People with Each Score
Percentile by Number Answered
Your Score History
You have not taken this quiz